000 00504nam a2200097Ia 4500
008 170517s9999 xx 000 0 und d
245 _aWartorn
300 _aAfter the Civil War more than half of the patients in mental institutions were veterans. In 1980 post-traumatic stress disorder (PTSD) became an accepted diagnosis for veterans with psychological wounds. Based on personal accounts of American soldiers whose physical...
650 _xTechnology.
856 _uhttp://topdocumentaryfilms.com/wartorn/
999 _c335142
_d335142